Addison Rae Songs - Statistics

General Stats
  • This quiz has been taken 43 times
    8 since last reset
  • The average score is 11 of 19
Answer Stats
Answer % Correct
Addison Aquamarine
100%
Addison Diet Pepsi
100%
Addison Headphones On
100%
Addison Fame is a Gun
86%
Addison Money Is Everything
86%
Addison High Fashion
71%
Addison New York
71%
AR 2 die 4
57%
AR I got it bad
57%
Addison In The Rain
57%
AR Nothing On (But The Radio)
57%
Singles Obsessed
57%
Addison Summer Forever
57%
Feature Von Dutch (Remix)
57%
Addison Times Like These
43%
AR it could´ve been u
29%
Addison Lost & Found
29%
Singles Arcamarine
0%
Addison Life´s Not Fun Through Clear Waters
0%
No matching quizzes found
Score Distribution
Percent of People with Each Score
Percentile by Number Answered
Your Score History
You have not taken this quiz since the last reset